Snapple "Real" Facts - Statistics

General Stats
  • This quiz has been taken 10,365 times
  • The average score is 11 of 20
Answer Stats
# Fact Answer % Correct
77 It is impossible to ____ a piece of paper more than 7 times Fold
96%
805 This country has a Bill of Rights to protect its sacred cows India
90%
272 At birth, humans have 350 of these, but as adults they only have 206 Bones
81%
31 During his or her lifetime, the average person will inhale 8 of these creatures while sleeping Spiders
78%
700 This river has more fish species than the Atlantic Ocean Amazon River
72%
880 This carnivorous plant can eat an entire cheeseburger Venus Fly-Trap
72%
136 This fruit is the only one with the seeds on the outside Strawberries
71%
904 Any configuration of this puzzle can be solved in just 17 turns Rubik's Cube
70%
23 This city's cable cars are the only mobile national monument in the U.S. San Francisco
68%
483 Doing this 2,000 times will create a wrinkle Frowning
60%
222 This person composed the lullaby "Twinkle Twinkle Little Star" when he was just five years old Wolfgang Amadeus Mozart
59%
145 This is the world's largest lake Lake Superior
51%
137 The city of Los Angeles has 3 of these for every 1 person Automobiles
50%
840 This food product never spoils Honey
47%
116 This fish is the largest in the world, weighing up to two tons Whale Shark
35%
387 This tropical fruit is actually a giant herb Banana
33%
711 This "natural" tooth cleaning product is free of chemicals Baking Soda
27%
36 This animal's sound doesn't make an echo Duck
26%
817 This activity, often associated with Okinawa, actually originated in India Karate
25%
907 This practice is legal in Paraguay, as long as both parties are registered blood donors Dueling
14%
No matching quizzes found
Score Distribution
Percent of People with Each Score
Percentile by Number Answered
Your Score History
You have not taken this quiz